| 000 | 00928nam a2200301 i 4500 | ||
|---|---|---|---|
| 001 | 47878 | ||
| 003 | ES-MaACL | ||
| 005 | 20250812055101.0 | ||
| 007 | t| | ||
| 008 | 030623s2002 sp ||||0| spa j | ||
| 020 | _a84-309-3791-9 | ||
| 040 |
_aM-BN _bspa _cM-BN |
||
| 080 | _a7.035 | ||
| 100 | 1 |
_aHuysmans, Joris-Karl, _d1848-1907 _964869 |
|
| 245 | 1 | 3 |
_aEl arte moderno _b: ; Algunos / _cJ.-K. Huysmans ; traducción de Margarita Alfaro y María Pilar Suárez. |
| 260 |
_aMadrid : _bTecnos : _bAlianza Editorial, _c[2002] |
||
| 300 |
_a246 p ; _c23 cm. |
||
| 490 | 1 |
_aNeometrópolis ; _v6 |
|
| 500 | _aIndices. | ||
| 650 | 1 | 0 |
_aArte- _yS.XIX _9233576 |
| 700 | 1 |
_aAlfaro, Margarita. _919805 |
|
| 700 | 1 |
_aSuárez, María Pilar. _9108577 |
|
| 740 | 0 | _aAlgunos. | |
| 830 | 0 |
_aNeometrópolis ; _v6 _9182139 |
|
| 852 |
_aES-MaACL _jL-26422 _bR.131975 |
||
| 999 |
_c47878 _d47878 |
||